[Event "Lindores Abbey Tal Blitz 2021"]
[Site "Riga"]
[Date "2021.11.08"]
[Round "2.55"]
[White "Predke, Alexandr"]
[Black "Badelka, Olga"]
[Result "1-0"]
[WhiteElo "2668"]
[BlackElo "2438"]
[Annotator "ChessBase"]
[PlyCount "65"]
[EventDate "2021.11.02"]
[EventType "swiss"]
[EventCountry "LAT"]
[SourceTitle "playchess.com"]
[Source "ChessBase"]
[SourceQuality "1"]

1. d4 d5 2. c4 dxc4 3. Nf3 Nf6 4. e3 e6 5. Bxc4 a6 6. O-O c5 7. Re1 Nc6 8. Nc3
b5 9. Bd3 Bb7 10. a4 b4 11. Ne4 cxd4 12. exd4 Be7 13. Nc5 Bxc5 14. dxc5 h6 15.
Bf4 O-O 16. Bd6 Re8 17. Bc2 Ne7 18. Ne5 Nc8 19. Qd3 Nxd6 20. cxd6 Bd5 21. d7
Re7 22. Rac1 g6 23. h4 h5 24. g4 Nxg4 25. Qg3 Nxe5 26. Rxe5 Qxd7 27. Rxh5 Qc7
28. Qg5 f6 29. Qxf6 Rh7 30. Rxh7 Qxh7 31. Bxg6 Qg7 32. Qg5 Rf8 33. h5 1-0

[Event "Lindores Abbey Tal Blitz 2021"]
[Site "Riga"]
[Date "2021.11.08"]
[Round "2.56"]
[White "Rogule, Laura"]
[Black "Saric, Ivan"]
[Result "1-0"]
[WhiteElo "2289"]
[BlackElo "2665"]
[Annotator "ChessBase"]
[PlyCount "145"]
[EventDate "2021.11.02"]
[EventType "swiss"]
[EventCountry "LAT"]
[SourceTitle "playchess.com"]
[Source "ChessBase"]
[SourceQuality "1"]

1. c4 g6 2. Nc3 Bg7 3. g3 e5 4. Bg2 d6 5. e4 h5 6. h4 Nc6 7. Nge2 Bg4 8. f3 Be6
9. d3 Nge7 10. Nd5 Nd4 11. Nxd4 exd4 12. Bg5 Bxd5 13. cxd5 O-O 14. Rc1 f6 15.
Bd2 f5 16. Bg5 Qd7 17. Bh3 Bf6 18. Bxf6 Rxf6 19. Qb3 b6 20. Qc4 Rf7 21. Qxd4
Re8 22. O-O Qd8 23. Rf2 Kh7 24. Kg2 f4 25. g4 Ng8 26. g5 Re5 27. Rfc2 a5 28.
Kh2 Rfe7 29. Rc6 Rf7 30. Be6 Rg7 31. R1c2 Re7 32. a3 Rg7 33. b4 axb4 34. axb4
Nh6 35. Ra2 Nf7 36. Ra7 Nxg5 37. hxg5 Qxg5 38. Qf2 Qf6 39. Rcxc7 Rxc7 40. Rxc7+
Kh6 41. Rf7 Qd8 42. Qd2 Qh4+ 43. Kg1 Rg5+ 44. Bg4 hxg4 45. Qxf4 gxf3+ 46. Kf1
Qh1+ 47. Kf2 Qg2+ 48. Ke3 f2 49. Qh4+ Rh5 50. Qxf2 Rh3+ 51. Kd4 Qg5 52. Qf4
Qxf4 53. Rxf4 Kg5 54. Rf8 Rh7 55. e5 Rh4+ 56. Kc3 dxe5 57. Re8 Kf6 58. Re6+ Kf5
59. Rxb6 Rd4 60. Rb8 Rxd5 61. b5 Kg4 62. b6 Rb5 63. b7 g5 64. Kc4 Rb1 65. Kd5
Kg3 66. Kxe5 g4 67. d4 Re1+ 68. Kd6 Rb1 69. d5 Kg2 70. Rg8 Rxb7 71. Rxg4+ Kf3
72. Ra4 Rh7 73. Kc6 1-0

[Event "Lindores Abbey Tal Blitz 2021"]
[Site "Riga"]
[Date "2021.11.08"]
[Round "2.57"]
[White "Shevchenko, Kirill"]
[Black "Martynov, Aleksandr"]
[Result "1-0"]
[WhiteElo "2647"]
[BlackElo "1648"]
[Annotator "ChessBase"]
[PlyCount "93"]
[EventDate "2021.11.02"]
[EventType "swiss"]
[EventCountry "LAT"]
[SourceTitle "playchess.com"]
[Source "ChessBase"]
[SourceQuality "1"]

1. e4 e6 2. Nc3 d5 3. Nf3 d4 4. Ne2 c5 5. c3 dxc3 6. bxc3 Nc6 7. d4 Nf6 8. Ng3
cxd4 9. cxd4 Bb4+ 10. Bd2 Qa5 11. Rb1 Bxd2+ 12. Qxd2 Qxd2+ 13. Kxd2 O-O 14. Bb5
Rd8 15. Bxc6 bxc6 16. Rhc1 Bd7 17. Ne5 Be8 18. Ke3 Rd6 19. f3 a5 20. Ne2 g5 21.
h4 h6 22. hxg5 hxg5 23. Rc5 g4 24. Rh1 gxf3 25. gxf3 Nd7 26. Nxd7 Rxd7 27. Rxc6
Rb7 28. Rc2 Rab8 29. Rh5 a4 30. Rhc5 Kf8 31. Nc3 Rb4 32. d5 exd5 33. Nxd5 Rb2
34. Rxb2 Rxb2 35. Rc8 Rxa2 36. Nf6 Ra3+ 37. Kf4 Ke7 38. Nxe8 Rb3 39. Ra8 a3 40.
Nc7 Kd7 41. Nd5 Kc6 42. Ra5 Rd3 43. Nb4+ Kb6 44. Ra8 Rb3 45. Nc2 Rc3 46. Nxa3
Kb7 47. Ra7+ 1-0

[Event "Lindores Abbey Tal Blitz 2021"]
[Site "Riga"]
[Date "2021.11.08"]
[Round "2.58"]
[White "Eizaguerri Floris, Maria"]
[Black "Kovalev, Vladislav"]
[Result "0-1"]
[WhiteElo "2328"]
[BlackElo "2634"]
[Annotator "ChessBase"]
[PlyCount "82"]
[EventDate "2021.11.02"]
[EventType "swiss"]
[EventCountry "LAT"]
[SourceTitle "playchess.com"]
[Source "ChessBase"]
[SourceQuality "1"]

1. e4 e5 2. Nf3 Nc6 3. Bb5 a6 4. Ba4 Nf6 5. O-O Be7 6. Re1 b5 7. Bb3 d6 8. c3
O-O 9. d4 Bg4 10. Be3 Bh5 11. Nbd2 Na5 12. Bc2 Ng4 13. Qe2 Nxe3 14. Qxe3 Bf6
15. b4 Nc6 16. d5 Ne7 17. c4 bxc4 18. Nxc4 Ng6 19. g3 Qd7 20. Bd3 Nf4 21. gxf4
Qg4+ 22. Kh1 exf4 23. Qe2 Qxf3+ 24. Qxf3 Bxf3+ 25. Kg1 Bxa1 26. Rxa1 f5 27. Nd2
fxe4 28. Bxe4 Bxe4 29. Nxe4 f3 30. Rc1 Rf4 31. Nd2 Rg4+ 32. Kf1 Rxb4 33. Nxf3
Rf8 34. Ne1 Rb2 35. f3 Re8 36. Nc2 Rxa2 37. Nb4 Rxh2 38. Rxc7 Rb8 39. Rc4 a5
40. Kg1 Rd2 41. Na2 Rxa2 0-1

[Event "Lindores Abbey Tal Blitz 2021"]
[Site "Riga"]
[Date "2021.11.08"]
[Round "2.59"]
[White "Sevian, Samuel"]
[Black "Golsta, Madara"]
[Result "1-0"]
[WhiteElo "2668"]
[BlackElo "2003"]
[Annotator "ChessBase"]
[PlyCount "57"]
[EventDate "2021.11.02"]
[EventType "swiss"]
[EventCountry "LAT"]
[SourceTitle "playchess.com"]
[Source "ChessBase"]
[SourceQuality "1"]

1. c4 c5 2. g3 g6 3. Bg2 Bg7 4. Nc3 Nc6 5. Nf3 d6 6. O-O e6 7. e3 Nge7 8. b3
O-O 9. Bb2 Rb8 10. d4 cxd4 11. exd4 d5 12. Ne2 dxc4 13. bxc4 b5 14. c5 a5 15.
Re1 Ba6 16. Rb1 b4 17. Nf4 Bc4 18. Qa4 Bb5 19. Qc2 Nf5 20. Rbd1 a4 21. d5 exd5
22. Bxg7 Kxg7 23. Nxd5 f6 24. Nf4 Qc8 25. Ne6+ Kg8 26. Nxf8 Qxf8 27. Qe4 Qf7
28. Bh3 Nfe7 29. Be6 1-0

[Event "Lindores Abbey Tal Blitz 2021"]
[Site "Riga"]
[Date "2021.11.08"]
[Round "2.60"]
[White "Vantika Agrawal"]
[Black "Ganguly, Surya Shekhar"]
[Result "0-1"]
[WhiteElo "2329"]
[BlackElo "2633"]
[Annotator "ChessBase"]
[PlyCount "171"]
[EventDate "2021.11.02"]
[EventType "swiss"]
[EventCountry "LAT"]
[SourceTitle "playchess.com"]
[Source "ChessBase"]
[SourceQuality "1"]

1. d4 Nf6 2. c4 g6 3. Nc3 Bg7 4. e4 d6 5. Be2 O-O 6. Bg5 e5 7. dxe5 dxe5 8.
Qxd8 Rxd8 9. Bxf6 Bxf6 10. Nd5 Nd7 11. Nxc7 Rb8 12. Nd5 Bg7 13. Nf3 Nc5 14. Nd2
Bh6 15. f3 Be6 16. b4 Na4 17. Nb3 b5 18. O-O bxc4 19. Bxc4 Nb2 20. Ne7+ Kf8 21.
Bxe6 Kxe7 22. Bd5 Be3+ 23. Kh1 Nd3 24. g3 Nxb4 25. Na5 Rb5 26. a3 Nxd5 27. Nc6+
Ke8 28. exd5 Rdxd5 29. Rfe1 Bd2 30. Re2 Bc3 31. Rc1 Rb2 32. Rxb2 Bxb2 33. Rc2
Bd4 34. Kg2 Kd7 35. Nb4 Ra5 36. Ra2 Bc5 37. Nd3 Bd6 38. a4 Rd5 39. Nf2 f5 40.
g4 Rd4 41. gxf5 gxf5 42. Nh3 h6 43. Ng1 Rc4 44. Ne2 a5 45. Ng3 Ke6 46. Ne2 Bc5
47. Kg3 Rb4 48. Kg2 Bd6 49. Ng3 Rb3 50. Ne2 Bc5 51. Ng3 Rd3 52. Ne2 Bb4 53. Kf2
Kf6 54. Ng3 Bc5+ 55. Kg2 Kg5 56. Rc2 Bb4 57. Rc8 Rd2+ 58. Kh3 Rf2 59. Rg8+ Kf6
60. Nh5+ Kf7 61. Rg7+ Kf8 62. Kg3 Be1 63. Rg6 Ra2+ 64. Kh3 Rxa4 65. Rxh6 Rh4+
66. Kg2 Ke7 67. Rh7+ Kd6 68. h3 a4 69. Ra7 Rxh5 70. Rxa4 Rh8 71. Ra6+ Kd5 72.
Ra7 Rg8+ 73. Kf1 Bc3 74. Rd7+ Ke6 75. Rb7 Bd4 76. Ke2 Rh8 77. f4 exf4 78. Rb3
Be3 79. Kd3 Rxh3 80. Ke2 Rh2+ 81. Kf1 Kf6 82. Ra3 Kg5 83. Ra8 Kg4 84. Rg8+ Kf3
85. Rg3+ fxg3 86. Ke1 0-1

[Event "Lindores Abbey Tal Blitz 2021"]
[Site "Riga"]
[Date "2021.11.08"]
[Round "3.1"]
[White "Erigaisi Arjun"]
[Black "Aronian, Levon"]
[Result "1-0"]
[WhiteElo "2627"]
[BlackElo "2782"]
[Annotator "TA"]
[PlyCount "75"]
[EventDate "2021.11.02"]
[EventType "swiss"]
[EventCountry "LAT"]
[SourceTitle "playchess.com"]
[Source "ChessBase"]
[SourceQuality "1"]

1. Nf3 d5 2. d4 Nf6 3. Bf4 c5 4. e3 Nc6 5. c3 Qb6 6. Qb3 c4 7. Qc2 Bf5 8. Qc1
e6 9. Nbd2 h6 10. h3 Rc8 11. Be2 Be7 12. b3 Qa5 13. b4 Qd8 14. a4 Nd7 15. a5 a6
16. Bh2 g5 17. Bd1 Bg6 18. Bc2 f5 19. g4 O-O 20. Rg1 Qe8 21. gxf5 Bxf5 22. h4
g4 23. Bf4 Qh5 24. Nh2 Kh8 25. Ndf1 Bxh4 26. Bxf5 exf5 27. Rh1 Bg5 28. Ng3 Qg6
29. Bxg5 Qxg5 30. Ne2 Rce8 31. Qb2 f4 32. O-O-O fxe3 33. f4 gxf3 34. Rdg1 Qf6
35. Ng4 fxe2 36. Nxf6 Rxf6 37. Qxe2 Kh7 38. Qg4 1-0

[Event "Lindores Abbey Tal Blitz 2021"]
[Site "Riga"]
[Date "2021.11.08"]
[Round "3.2"]
[White "Caruana, Fabiano"]
[Black "Vokhidov, Shamsiddin"]
[Result "1-0"]
[WhiteElo "2791"]
[BlackElo "2521"]
[Annotator "TA"]
[PlyCount "62"]
[EventDate "2021.11.02"]
[EventType "swiss"]
[EventCountry "LAT"]
[SourceTitle "playchess.com"]
[Source "ChessBase"]
[SourceQuality "1"]

1. c4 e5 2. Nc3 Nf6 3. Nf3 Nc6 4. g3 Bb4 5. Bg2 O-O 6. O-O e4 7. Ne1 Bxc3 8.
bxc3 Re8 9. Nc2 d5 10. cxd5 Qxd5 11. d4 Qh5 12. Bf4 Bh3 13. Ne3 Bxg2 14. Kxg2
Nd5 15. Nxd5 Qxd5 16. Qb3 Ne7 17. e3 c5 18. c4 Qh5 19. dxc5 Qxc5 20. Qxb7 Qxc4
21. Rfc1 Qd5 22. Rc7 Qe6 23. Rd1 Ng6 24. Rdd7 Rab8 25. Qd5 Qxd5 26. Rxd5 Nxf4+
27. gxf4 Rb6 28. Rxa7 Rg6+ 29. Rg5 Rf6 30. Re5 Rb8 31. Rxe4 h6 1-0

[Event "Lindores Abbey Tal Blitz 2021"]
[Site "Riga"]
[Date "2021.11.08"]
[Round "3.3"]
[White "Anton Guijarro, David"]
[Black "Navara, David"]
[Result "0-1"]
[WhiteElo "2669"]
[BlackElo "2699"]
[Annotator "TA"]
[PlyCount "116"]
[EventDate "2021.11.02"]
[EventType "swiss"]
[EventCountry "LAT"]
[SourceTitle "playchess.com"]
[Source "ChessBase"]
[SourceQuality "1"]

1. Nf3 d5 2. b3 Bf5 3. Bb2 Nf6 4. g3 h6 5. Bg2 e6 6. O-O Be7 7. d3 O-O 8. Nbd2
a5 9. a4 Na6 10. Re1 Bh7 11. e4 Nb4 12. exd5 exd5 13. Ne5 Re8 14. Bh3 Bd6 15.
Ndf3 Re7 16. Qd2 Qf8 17. Nh4 Ne4 18. dxe4 Bxe5 19. Bxe5 Rxe5 20. c3 Na6 21.
exd5 Rae8 22. Rxe5 Rxe5 23. Nf3 Re8 24. Re1 Be4 25. Nd4 Bxd5 26. Rxe8 Qxe8 27.
Bg2 Bxg2 28. Kxg2 Nc5 29. f3 Qd7 30. Qe2 Qd5 31. Qb5 b6 32. Kf2 g6 33. Ke3 Qe5+
34. Kf2 Kg7 35. Qe2 Qh5 36. Kg2 Qd5 37. Qc2 Qe5 38. Kf2 h5 39. h4 Kf6 40. Qe2
Qxe2+ 41. Kxe2 Ke5 42. Ke3 Kd5 43. Ke2 c6 44. Ke3 b5 45. axb5 cxb5 46. Nxb5
Nxb3 47. Na3 a4 48. Kd3 Nc5+ 49. Ke3 Nd7 50. Kd3 Ne5+ 51. Ke2 Nc4 52. Nc2 a3
53. Kd3 Kc5 54. Nb4 Ne5+ 55. Ke4 Nc6 56. Na2 Kc4 57. Ke3 Kb3 58. Nc1+ Kxc3 0-1

[Event "Lindores Abbey Tal Blitz 2021"]
[Site "Riga"]
[Date "2021.11.08"]
[Round "3.4"]
[White "Chigaev, Maksim"]
[Black "Jobava, Baadur"]
[Result "1/2-1/2"]
[WhiteElo "2626"]
[BlackElo "2582"]
[Annotator "ChessBase"]
[PlyCount "67"]
[EventDate "2021.11.02"]
[EventType "swiss"]
[EventCountry "LAT"]
[SourceTitle "playchess.com"]
[Source "ChessBase"]
[SourceQuality "1"]

1. Nf3 d5 2. g3 c6 3. Bg2 Nf6 4. O-O Bf5 5. c4 e6 6. d3 h6 7. Qb3 Qc8 8. Nc3
Be7 9. cxd5 exd5 10. e4 dxe4 11. dxe4 Be6 12. Qc2 O-O 13. Nd4 Na6 14. e5 Nb4
15. Qe2 Nfd5 16. Nxe6 Qxe6 17. Nxd5 Nxd5 18. f4 f6 19. Bd2 fxe5 20. fxe5 Bc5+
21. Kh1 Bd4 22. Qe4 Qxe5 23. Qg4 Nf6 24. Qg6 Qe8 25. Qd3 Rd8 26. Bb4 c5 27.
Bxc5 Bxc5 28. Qc4+ Qf7 29. Qxc5 b6 30. Qb4 Qh5 31. Bf3 Qh3 32. Bg2 Qh5 33. Bf3
Qh3 34. Bg2 1/2-1/2

[Event "Lindores Abbey Tal Blitz 2021"]
[Site "Riga"]
[Date "2021.11.08"]
[Round "3.5"]
[White "Mamedov, Rauf"]
[Black "Volokitin, Andrei"]
[Result "1-0"]
[WhiteElo "2673"]
[BlackElo "2656"]
[Annotator "ChessBase"]
[PlyCount "59"]
[EventDate "2021.11.02"]
[EventType "swiss"]
[EventCountry "LAT"]
[SourceTitle "playchess.com"]
[Source "ChessBase"]
[SourceQuality "1"]

1. e4 c5 2. c3 Nf6 3. e5 Nd5 4. Bc4 Nb6 5. Bb3 d5 6. d4 cxd4 7. cxd4 Nc6 8. Bc2
Nb4 9. Nc3 Nxc2+ 10. Qxc2 e6 11. Nf3 Be7 12. h4 h6 13. a4 Bd7 14. a5 Nc4 15. a6
bxa6 16. O-O Bb5 17. Nxb5 axb5 18. b3 Nb6 19. Qd3 b4 20. Bd2 O-O 21. Ra6 Qc7
22. Rfa1 Rfc8 23. g4 Nd7 24. g5 Nb8 25. R6a2 hxg5 26. hxg5 g6 27. Nh2 a5 28.
Qh3 a4 29. Ng4 Nd7 30. Kg2 1-0

[Event "Lindores Abbey Tal Blitz 2021"]
[Site "Riga"]
[Date "2021.11.08"]
[Round "3.6"]
[White "Hovhannisyan, Robert"]
[Black "Deac, Bogdan-Daniel"]
[Result "1/2-1/2"]
[WhiteElo "2622"]
[BlackElo "2651"]
[Annotator "ChessBase"]
[PlyCount "75"]
[EventDate "2021.11.02"]
[EventType "swiss"]
[EventCountry "LAT"]
[SourceTitle "playchess.com"]
[Source "ChessBase"]
[SourceQuality "1"]

1. e4 e5 2. Nf3 Nc6 3. Nc3 Nf6 4. d4 exd4 5. Nxd4 Bb4 6. Nxc6 bxc6 7. Bd3 O-O
8. O-O d5 9. exd5 Bg4 10. f3 Bh5 11. Bg5 Qd6 12. Bxf6 Qxf6 13. Ne4 Qxb2 14. Rb1
Qd4+ 15. Kh1 Bg6 16. dxc6 Rad8 17. Qe2 Bd6 18. Rfd1 Rfe8 19. Qf1 Qe5 20. Nxd6
Qxd6 21. Bxg6 Qxg6 22. Rxd8 Rxd8 23. Rd1 Re8 24. Qc4 h6 25. h3 Re6 26. Qf4 Rxc6
27. Rd8+ Kh7 28. Rd7 Rxc2 29. Qg4 Rxa2 30. Qxg6+ Kxg6 31. Rxc7 h5 32. h4 Ra4
33. Kg1 a5 34. Rc5 f6 35. Kf2 Ra2+ 36. Kg3 a4 37. Ra5 a3 38. Kf4 1/2-1/2

[Event "Lindores Abbey Tal Blitz 2021"]
[Site "Riga"]
[Date "2021.11.08"]
[Round "3.7"]
[White "Sevian, Samuel"]
[Black "Onyshchuk, Volodymyr"]
[Result "0-1"]
[WhiteElo "2668"]
[BlackElo "2622"]
[Annotator "ChessBase"]
[PlyCount "122"]
[EventDate "2021.11.02"]
[EventType "swiss"]
[EventCountry "LAT"]
[SourceTitle "playchess.com"]
[Source "ChessBase"]
[SourceQuality "1"]

1. d4 d6 2. e4 g6 3. h4 Nf6 4. f3 Nbd7 5. c4 c5 6. d5 h5 7. Nc3 Bg7 8. Bg5 Ne5
9. Qd2 a6 10. Nh3 Bxh3 11. Rxh3 O-O 12. Be2 Qa5 13. Rc1 b5 14. cxb5 axb5 15.
Bxb5 c4 16. Kf1 Rfc8 17. a4 Qb4 18. Rc2 Nd3 19. Nd1 Qb3 20. Rc3 Qa2 21. Rh1 Nh7
22. Ra3 Qb1 23. Ke2 Nxg5 24. hxg5 Nc5 25. Re1 Nb3 26. Rxb3 cxb3 27. Nc3 Qc2 28.
Qxc2 bxc2 29. Kd2 Be5 30. Kxc2 Bf4 31. Bd7 Rcb8 32. Bc6 Ra7 33. Rb1 Bxg5 34. b4
Be3 35. a5 g5 36. Kd3 Bf2 37. Nd1 Bg3 38. Nc3 Be5 39. Nb5 Ra6 40. Kc4 e6 41.
Rh1 h4 42. Na3 Ra7 43. Nc2 Kf8 44. Ne1 Ke7 45. Nd3 Bg7 46. Rc1 f5 47. dxe6 fxe4
48. fxe4 Kxe6 49. Bd5+ Ke7 50. Kb3 Bd4 51. Ka4 g4 52. Rf1 Bf6 53. Rf4 g3 54.
Rg4 Rc7 55. e5 dxe5 56. Nc5 e4 57. Rxe4+ Kd6 58. Bc4 Rxc5 59. bxc5+ Kxc5 60.
Be2 Bd4 61. Re8 Rxe8 0-1

[Event "Lindores Abbey Tal Blitz 2021"]
[Site "Riga"]
[Date "2021.11.08"]
[Round "3.8"]
[White "Howell, David W L"]
[Black "Maghsoodloo, Parham"]
[Result "1-0"]
[WhiteElo "2648"]
[BlackElo "2706"]
[Annotator "TA"]
[PlyCount "79"]
[EventDate "2021.11.02"]
[EventType "swiss"]
[EventCountry "LAT"]
[SourceTitle "playchess.com"]
[Source "ChessBase"]
[SourceQuality "1"]

1. c4 e5 2. Nc3 Nf6 3. Nf3 Nc6 4. e3 Bb4 5. Qc2 O-O 6. Nd5 Be7 7. a3 d6 8.
Nxe7+ Qxe7 9. d3 a5 10. b3 d5 11. cxd5 Nxd5 12. Be2 Nb6 13. Bb2 f6 14. O-O Rd8
15. Rac1 Bf5 16. Rfd1 Qf7 17. Nd2 Rd7 18. Ne4 Bxe4 19. dxe4 Rad8 20. h4 h5 21.
Bb5 Kh7 22. Bc3 Rxd1+ 23. Rxd1 Rxd1+ 24. Qxd1 a4 25. bxa4 Na7 26. Be2 g6 27. a5
Nbc8 28. Bb4 Nc6 29. Qd5 Qxd5 30. exd5 Nb8 31. f3 Kg7 32. Kf2 Nd6 33. e4 g5 34.
g3 Kg6 35. Ke3 Na6 36. Bd3 gxh4 37. gxh4 Kg7 38. f4 Nf7 39. Be2 Kh6 40. Bf8+
1-0

[Event "Lindores Abbey Tal Blitz 2021"]
[Site "Riga"]
[Date "2021.11.08"]
[Round "3.9"]
[White "Kravtsiv, Martyn"]
[Black "Pichot, Alan"]
[Result "0-1"]
[WhiteElo "2616"]
[BlackElo "2630"]
[Annotator "ChessBase"]
[PlyCount "82"]
[EventDate "2021.11.02"]
[EventType "swiss"]
[EventCountry "LAT"]
[SourceTitle "playchess.com"]
[Source "ChessBase"]
[SourceQuality "1"]

1. e4 e5 2. Nf3 Nc6 3. Nc3 Nf6 4. a4 Bb4 5. Bd3 Bxc3 6. dxc3 d6 7. O-O h6 8.
Re1 O-O 9. Nd2 Ne7 10. Nf1 Ng6 11. c4 Bg4 12. f3 Be6 13. Ne3 Nh5 14. g3 Nf6 15.
Kg2 Qd7 16. Nf5 Kh7 17. Be3 c6 18. Qd2 Bxf5 19. exf5 Ne7 20. g4 d5 21. cxd5
Nexd5 22. Rad1 Rad8 23. Kh1 Rfe8 24. g5 hxg5 25. Bxg5 Nf4 26. Rg1 Qd6 27. Qf2
Rh8 28. Bxf4 exf4 29. Qxa7 Kg8 30. Qxb7 Qd5 31. Rdf1 Nh5 32. Kg2 Qe5 33. Re1
Qf6 34. Qb6 Qg5+ 35. Kf1 Qh4 36. Qf2 Qf6 37. a5 Qxb2 38. a6 Nf6 39. Bc4 Qc3 40.
Qg2 Qxc4+ 41. Kf2 Rd2+ 0-1

[Event "Lindores Abbey Tal Blitz 2021"]
[Site "Riga"]
[Date "2021.11.08"]
[Round "3.10"]
[White "Van Foreest, Jorden"]
[Black "Martirosyan, Haik M."]
[Result "0-1"]
[WhiteElo "2701"]
[BlackElo "2624"]
[Annotator "TA"]
[PlyCount "66"]
[EventDate "2021.11.02"]
[EventType "swiss"]
[EventCountry "LAT"]
[SourceTitle "playchess.com"]
[Source "ChessBase"]
[SourceQuality "1"]

1. e4 e5 2. Nf3 Nc6 3. Bb5 Nf6 4. d3 Bc5 5. Bg5 a6 6. Bxc6 dxc6 7. Nbd2 h6 8.
Bh4 Bd6 9. Nc4 Qe7 10. O-O c5 11. Qd2 Bg4 12. Qe3 g5 13. Bg3 Nd7 14. a4 f6 15.
Nfd2 Be6 16. Qe2 Nf8 17. Ne3 h5 18. h3 O-O-O 19. Ndc4 Qd7 20. c3 Ng6 21. f3 Nf4
22. Bxf4 gxf4 23. Nd5 Qf7 24. Rad1 Rhg8 25. Kh2 Rg3 26. Rf2 Rdg8 27. Qf1 Bxd5
28. exd5 Qxd5 29. Qe2 Kb8 30. Qe4 Qe6 31. Re1 Qf7 32. Nxd6 cxd6 33. d4 Qg7 0-1

[Event "Lindores Abbey Tal Blitz 2021"]
[Site "Riga"]
[Date "2021.11.08"]
[Round "3.11"]
[White "Sjugirov, Sanan"]
[Black "Niemann, Hans Moke"]
[Result "0-1"]
[WhiteElo "2663"]
[BlackElo "2635"]
[Annotator "ChessBase"]
[PlyCount "198"]
[EventDate "2021.11.02"]
[EventType "swiss"]
[EventCountry "LAT"]
[SourceTitle "playchess.com"]
[Source "ChessBase"]
[SourceQuality "1"]

1. e4 e5 2. Nf3 Nc6 3. Bb5 a6 4. Ba4 Nf6 5. O-O Be7 6. Re1 b5 7. Bb3 O-O 8. d3
Bb7 9. Nc3 d6 10. a3 Na5 11. Ba2 c5 12. Ne2 Bc8 13. Ng3 Be6 14. Bxe6 fxe6 15.
c3 c4 16. d4 Qc7 17. Be3 Nb3 18. Rb1 Rfe8 19. h3 exd4 20. Nxd4 Nc5 21. Qe2 Bf8
22. Bg5 Qf7 23. e5 Nd5 24. exd6 Nd3 25. Ne4 h6 26. Bh4 Qd7 27. Bg3 e5 28. Nf3
Bxd6 29. Red1 Bc7 30. Ne1 N3f4 31. Bxf4 exf4 32. Qf3 Rad8 33. Nc2 Qf5 34. Re1
Bb6 35. Rbd1 Re5 36. Nd4 Qg6 37. Nc2 Kh8 38. Nb4 Nxb4 39. Rxd8+ Bxd8 40. axb4
Qf5 41. Qg4 g6 42. Qf3 Bb6 43. Re2 Kg7 44. Nd6 Qe6 45. Qb7+ Kf6 46. Rxe5 Kxe5
47. Qxb6 Qxd6 48. Qb7 g5 49. f3 Qd1+ 50. Kh2 Qd6 51. Qf7 Qe6 52. Qg7+ Kd6 53.
Qf8+ Kd7 54. Qa8 Qd6 55. Qb7+ Ke6 56. Qg7 Qe5 57. Qxh6+ Kd7 58. Qh7+ Kc6 59.
Qg6+ Kb7 60. Qh5 Qf6 61. Qh7+ Kb6 62. Qe4 Kc7 63. Qd5 Qe7 64. Qf5 Qd8 65. Qe5+
Kb7 66. Qg7+ Kb6 67. Qg6+ Kb7 68. Qh6 Ka7 69. h4 gxh4 70. Qxf4 a5 71. bxa5 Ka6
72. Kh3 Kxa5 73. Qxh4 Qd7+ 74. Kh2 Ka4 75. f4 Kb3 76. Qf2 Qh7+ 77. Kg3 Qg6+ 78.
Kh2 Qh5+ 79. Kg1 Qd1+ 80. Kh2 Qh5+ 81. Kg3 Qg6+ 82. Kf3 Qd3+ 83. Kg4 Qg6+ 84.
Kh3 Qh5+ 85. Kg3 Qg6+ 86. Kh2 Qf5 87. Kg3 Ka2 88. Kf3 Qb1 89. g4 b4 90. f5 Qxb2
91. Qxb2+ Kxb2 92. f6 bxc3 93. f7 c2 94. f8=Q c1=Q 95. Qb4+ Ka2 96. g5 c3 97.
Qa4+ Kb1 98. Qe4+ c2 99. g6 Qh1+ 0-1

[Event "Lindores Abbey Tal Blitz 2021"]
[Site "Riga"]
[Date "2021.11.08"]
[Round "3.12"]
[White "Predke, Alexandr"]
[Black "Gelfand, Boris"]
[Result "1-0"]
[WhiteElo "2668"]
[BlackElo "2674"]
[Annotator "ChessBase"]
[PlyCount "123"]
[EventDate "2021.11.02"]
[EventType "swiss"]
[EventCountry "LAT"]
[SourceTitle "playchess.com"]
[Source "ChessBase"]
[SourceQuality "1"]

1. d4 Nf6 2. c4 e6 3. Nc3 Bb4 4. e3 O-O 5. Bd3 d5 6. a3 Bxc3+ 7. bxc3 dxc4 8.
Bxc4 c5 9. Nf3 Qc7 10. Be2 Nc6 11. Bb2 Rd8 12. Qc2 e5 13. dxe5 Nxe5 14. c4
Nxf3+ 15. gxf3 Ne8 16. f4 b6 17. Rg1 f6 18. Bd3 Rxd3 19. Qxd3 Qf7 20. f5 Ba6
21. Rg4 Rc8 22. O-O-O Bb7 23. Qd7 Rc7 24. Qxf7+ Kxf7 25. Rd8 Ke7 26. Rd2 Bf3
27. Rf4 Bb7 28. e4 Ba6 29. e5 fxe5 30. Bxe5 Rc6 31. Rh4 h6 32. Re4 Kf8 33. Rd8
Kf7 34. Rd7+ Kf8 35. Bc3 Nd6 36. Bxg7+ Kg8 37. Rg4 Nxf5 38. Bxh6+ Kh8 39. Bf4
Re6 40. Rd8+ Kh7 41. Rd7+ Re7 42. Rxe7+ Nxe7 43. Bb8 Nc6 44. Bf4 Bxc4 45. Be3
Be6 46. Rg5 Bf7 47. h4 Na5 48. Rf5 Kg8 49. h5 Nc4 50. h6 Bg6 51. Rf6 Kh7 52.
Rc6 Nxe3 53. fxe3 Kxh6 54. Rc7 Kg5 55. Rxa7 Be4 56. Ra6 b5 57. Rb6 Bd3 58. Kd2
Bf1 59. Rc6 c4 60. Kc3 Kf5 61. Kd4 Bd3 62. Rc5+ 1-0

[Event "Lindores Abbey Tal Blitz 2021"]
[Site "Riga"]
[Date "2021.11.08"]
[Round "3.13"]
[White "Shevchenko, Kirill"]
[Black "Indjic, Aleksandar"]
[Result "1-0"]
[WhiteElo "2647"]
[BlackElo "2612"]
[Annotator "ChessBase"]
[PlyCount "129"]
[EventDate "2021.11.02"]
[EventType "swiss"]
[EventCountry "LAT"]
[SourceTitle "playchess.com"]
[Source "ChessBase"]
[SourceQuality "1"]

1. e4 e5 2. Nf3 Nf6 3. Nc3 Bb4 4. Nxe5 O-O 5. Nd3 Bxc3 6. dxc3 Nxe4 7. Be2 d6
8. O-O Re8 9. Nf4 Nd7 10. Be3 h6 11. Re1 Ndf6 12. Bd4 Bd7 13. f3 Nc5 14. Qd2
Bc6 15. Bc4 Rxe1+ 16. Rxe1 Ncd7 17. Ng6 d5 18. Ne7+ Kh8 19. Bd3 Qf8 20. b4 a6
21. Nxc6 bxc6 22. Qf4 Qd6 23. Qf5 a5 24. a4 axb4 25. cxb4 Qxb4 26. c3 Qd6 27.
f4 c5 28. Be5 Qb6 29. Kh1 Kg8 30. Bc2 Qb2 31. g4 Nxe5 32. fxe5 Ne4 33. Bxe4
dxe4 34. e6 fxe6 35. Qxe6+ Kh8 36. Qxe4 Rf8 37. Qd3 c4 38. Qxc4 Qf2 39. Qe4 Rf4
40. Qe3 Qxe3 41. Rxe3 Rxa4 42. h3 Kh7 43. Kg2 Ra2+ 44. Kg3 Rc2 45. Kf4 Kg6 46.
Ke5 Rd2 47. h4 Rg2 48. Re4 Rd2 49. Rd4 Rc2 50. c4 c5 51. Rd6+ Kf7 52. Kd5 Rg2
53. Kxc5 Rxg4 54. h5 Rh4 55. Kb6 Rxh5 56. c5 Rh1 57. c6 Rb1+ 58. Ka7 h5 59. c7
Rc1 60. Kb7 Rxc7+ 61. Kxc7 h4 62. Kc6 g5 63. Kd5 h3 64. Ke4 Kg7 65. Kf3 1-0

[Event "Lindores Abbey Tal Blitz 2021"]
[Site "Riga"]
[Date "2021.11.08"]
[Round "3.14"]
[White "Kovalev, Vladislav"]
[Black "Paravyan, David"]
[Result "0-1"]
[WhiteElo "2634"]
[BlackElo "2642"]
[Annotator "ChessBase"]
[PlyCount "102"]
[EventDate "2021.11.02"]
[EventType "swiss"]
[EventCountry "LAT"]
[SourceTitle "playchess.com"]
[Source "ChessBase"]
[SourceQuality "1"]

1. e4 e5 2. Nf3 Nc6 3. Nc3 Nf6 4. d4 exd4 5. Nxd4 Bb4 6. Nxc6 bxc6 7. Bd3 O-O
8. O-O d5 9. exd5 cxd5 10. h3 Re8 11. Qf3 c6 12. Bf4 Bd6 13. Rfd1 Be6 14. b3
Qb8 15. Ne2 a5 16. a4 Qc7 17. Bxd6 Qxd6 18. Nd4 Bd7 19. c3 Rab8 20. Re1 g6 21.
Rad1 Kg7 22. Re3 Rxe3 23. Qxe3 h6 24. Re1 Re8 25. Qd2 Rb8 26. Qe3 Qc7 27. Qe5
Qxe5 28. Rxe5 Kf8 29. f3 Ne8 30. c4 Nc7 31. Kf2 Ne6 32. Nxe6+ Bxe6 33. Bxg6
Rxb3 34. cxd5 cxd5 35. Bf5 Rb2+ 36. Kg3 Ke7 37. Bd3 Kf6 38. Rh5 Kg7 39. Bb5 Rb4
40. Re5 Kf6 41. Rh5 Kg7 42. Re5 d4 43. Rc5 Bb3 44. Bf1 Rxa4 45. Rc7 Be6 46. Ra7
Kf6 47. Kf4 Ra1 48. Bd3 a4 49. g4 a3 50. Be4 a2 51. Bd5 Bxd5 0-1